000 00482nam a22001697a 4500
008 151020b xxu||||| |||| 00| 0 eng d
020 _a9780205585953
020 _a0205585957
041 0 _aeng
080 _a327
245 1 0 _aInternational relations :
_cJoshua S. Goldstein; Jon C. Pevehouse'
250 _a8th ed.
260 _aUSA:
_bPearson;
_c2009.
300 _a559 f.:
_bme il.;
_c24 cm.
650 0 _aMarrëdhëniet ndërkombëtare
942 _2udc
_cBK
999 _c1318
_d1318